书目信息 |
| 题名: |
XML基础及实践开发教程
|
|
| 作者: | 唐琳 主编 | |
| 分册: | ||
| 出版信息: | 北京 清华大学出版社 2013 |
|
| 页数: | 10,340页 | |
| 开本: | 26cm | |
| 丛书名: | ||
| 单 册: | ||
| 中图分类: | TP312XM , TP312 | |
| 科图分类: | ||
| 主题词: | 计算机网络 , 可扩充语言 , 计算机网络--可扩充语言--程序设计--高等学校--教材 , 程序设计 | |
| 电子资源: | ||
| ISBN: | 978-7-302-33085-1 | |
| 000 | 01120nam0 2200277 450 | |
| 001 | 139482 | |
| 005 | 20140912115442.75 | |
| 010 | @a978-7-302-33085-1@dCNY 39.00 | |
| 100 | @a20131204d2013 em y0chiy50 ea | |
| 101 | 0 | @achi |
| 102 | @aCN@b110000 | |
| 105 | @ay z 000yy | |
| 200 | 1 | @aXML基础及实践开发教程@AXML ji chu ji shi jian kai fa jiao cheng@b专著@f唐琳主编 |
| 210 | @a北京@c清华大学出版社@d2013 | |
| 215 | @a10,340页@d26cm | |
| 300 | @a21世纪高等学校计算机应用技术规划教材 | |
| 330 | @a本书分四部分14章:第一部分为XML基础,包括XML入门、在XML中使用DTD、命名空间、在XML中使用Schema、Schema高级技术;第二部分为XML的显示技术,包括XML的显示技术之CSS、XPath、XSLT;第三部分为基于Java的XML文档解析技术,包括DOM、SAX、JDOM、DOM4J和Digester;第四部分为XML在数据库中的应用,包括关系数据库与XML、深入Oracle学习XML。 | |
| 606 | 0 | @a计算机网络 |
| 606 | 0 | @a可扩充语言 |
| 606 | 0 | @a计算机网络@x可扩充语言@x程序设计@x高等学校@j教材 |
| 606 | 0 | @a程序设计 |
| 690 | @aTP312XM@v5 | |
| 690 | @aTP312@v4 | |
| 701 | 0 | @a唐琳@Atang lin@c(计算机)@4主编 |
| 801 | 0 | @aCN@bZL@c20140912 |
| 905 | @a241430@dTP312@eT245 | |
| XML基础及实践开发教程/唐琳主编.-北京:清华大学出版社,2013 |
| 10,340页;26cm |
| 21世纪高等学校计算机应用技术规划教材 |
| ISBN 978-7-302-33085-1:CNY 39.00 |
| 本书分四部分14章:第一部分为XML基础,包括XML入门、在XML中使用DTD、命名空间、在XML中使用Schema、Schema高级技术;第二部分为XML的显示技术,包括XML的显示技术之CSS、XPath、XSLT;第三部分为基于Java的XML文档解析技术,包括DOM、SAX、JDOM、DOM4J和Digester;第四部分为XML在数据库中的应用,包括关系数据库与XML、深入Oracle学习XML。 |
| ● |
| 相关链接 |
|
|
|
正题名:XML基础及实践开发教程
索取号:TP312/T245
 
预约/预借
| 序号 | 登录号 | 条形码 | 馆藏地/架位号 | 状态 | 备注 |
| 1 | 0830930 | 208309301 | 自科库301/301自科库 53排1列3层/ [索取号:TP312/T245] | 在馆 | |
| 2 | 0830931 | 208309310 | 自科库301/301自科库 53排1列3层/ [索取号:TP312/T245] | 在馆 | |
| 3 | 0830932 | 208309329 | 自科二线400A/400A自科库 5排3列5层/ [索取号:TP312/T245] | 在馆 |